UBT Library

CATCH THE ENERGY RELEASE THE POTENTIAL (Record no. 60708)

000 -LEADER
fixed length control field 00359nam a22001457a 4500
008 - FIXED-LENGTH DATA ELEMENTS--GENERAL INFORMATION
fixed length control field 250423b ||||| |||| 00| 0 eng d
020 ## - INTERNATIONAL STANDARD BOOK NUMBER
International Standard Book Number 9780786866021
041 ## - LANGUAGE CODE
Language code of text/sound track or separate title eng
080 ## - UNIVERSAL DECIMAL CLASSIFICATION NUMBER
Edition identifier 2000
Universal Decimal Classification number 33LUN
082 ## - DEWEY DECIMAL CLASSIFICATION NUMBER
Edition number 33LUN
Classification number 33LUN
100 ## - Rafti
Rafti 24
101 ## - Shkurtesa
Shkurtesa PSIKOLOGJI
245 ## - TITLE STATEMENT
Title CATCH THE ENERGY RELEASE THE POTENTIAL
Statement of responsibility, etc STEPHEN C.LUNDIN
942 ## - ADDED ENTRY ELEMENTS (KOHA)
Source of classification or shelving scheme
Item type Books
Holdings
Withdrawn status Lost status Source of classification or shelving scheme Damaged status Not for loan Collection code Permanent location Current location Date acquired Total Checkouts Full call number Barcode Date last seen Price effective from Koha item type
          Koleksioni i përgjithshem UBT - Lipjan UBT - Lipjan 04/23/2025   33LUN 002-800070999602 04/23/2025 04/23/2025 Books
UBT Library © 2015-2024. All rights reserved University Education for Business and Technology